| 000 | nam a22 a 4500 | ||
|---|---|---|---|
| 999 |
_c133804 _d133804 |
||
| 003 | BLK | ||
| 005 | 20201021123853.0 | ||
| 008 | 180409b bul|||||r ||||||| ||bul|| | ||
| 010 | _aKNG00139705000 | ||
| 040 | _aBLK | ||
| 041 |
_aRUS _cRUS |
||
| 072 | 7 |
_2bullib _aЦ _xРедки и ценни |
|
| 080 |
_aОбща история на философията _b101(091) _x(430) _z101(091)(430) |
||
| 080 |
_aНемска литература _b821.112.2 _x-84 _z821.112.2-84 |
||
| 100 | 1 |
_aШопенгауэр, Артур _eпърви автор _9143912 |
|
| 139 |
_aШопенгауэр, Артур _bШ 84 |
||
| 245 | 1 | 0 |
_aАфоризмы и максимы _bТ. 1 - 3 _cАртур Шопенгауэр; пер. и предисл. Ф. В. Черниговец; * Федор Владимирович Вишневский. _nТ. 2 _pМысли |
| 257 | _aDEU | ||
| 260 |
_bА. С. Суворин _c1886 - 1895 _aС.-Петербург |
||
| 300 | _c18 см | ||
| 380 | _a1 | ||
| 490 |
_9435080 _aКолекция Редки и ценни издания |
||
| 650 | 4 |
_aФилософия - морално-етични проблеми _9252115 |
|
| 650 | 4 |
_aФилософия, немска _9302861 |
|
| 653 | _aнемска философия | ||
| 653 | _aфилософия на природата | ||
| 653 | _aпсихология на личността | ||
| 653 | _aмисли | ||
| 659 | _aЦ | ||
| 700 | 1 |
_aЧерниговец, Ф. В. _eпер. и предисл. _gВишневский, Федор Владимирович _9141498 |
|
| 700 | 1 |
_aВишневский, Федор Владимирович _e* _9324100 |
|
| 760 | 1 |
_aШопенгауэр, Артур _d1892 _h427 с., 16 с. : 1 л. портр. _nСъдържа : О бесполезности самоубийства ; Психологические заметки ; Об авторстве и слоге ; Шопенгауэр о смерти ; О неразрушимости нашего истинного существа смертью ; О подтверждении воли к жизни ; О ничтожестве и страданиях жизни ; В разъяснение этики ; К учению о праве и политике ; К учению об отрицании воли к жизни ; Очерк истории учения об идеальном и реальном. _tТ. 2 Мысли |
|
| 852 |
_aРр 886 _bРц |
||
| 856 | 4 | _qpdf | |
| 942 |
_cKNG _n0 _s1 |
||
| 944 |
_aCR _c18.02.2013 _l18.02.2013 - от С1,Р / 18.02.2013 _kЛюдмила_Стоянова |
||
| 944 |
_aED _c2020-10-21 |
||
| 999 | _d133804 | ||